Sports Quiz

Random Sports or NFL Quiz

NFL Home Stadiums - 1980 Quiz Stats

Quiz not verified by Sporcle

Also try: NCAA and NBA Title
Challenge
Share
Tweet
Embed
Score 0/28 Timer 04:00
0 Plays Today
Team Stadium % Correct
New York GiantsGiants Stadium
95.5%
San Francisco 49ersCandlestick Park
95.5%
Chicago BearsSoldier Field
91.1%
New Orleans SaintsLouisiana Superdome
91.1%
Pittsburgh SteelersThree Rivers Stadium
90.2%
Green Bay PackersLambeau Field
89.3%
Kansas City ChiefsArrowhead Stadium
87.5%
Washington RedskinsRobert F. Kennedy Memorial Stadium
85.7%
Denver BroncosMile High Stadium
85.7%
Houston OilersHouston Astrodome
84.8%
Philadelphia EaglesPhiladelphia Veterans Stadium
83%
Miami DolphinsOrange Bowl
83%
Detroit LionsPontiac Silverdome
83%
Seattle SeahawksThe Kingdome
79.5%
Team Stadium % Correct
Atlanta FalconsAtlanta-Fulton County Stadium
78.6%
Dallas CowboysTexas Stadium
77.7%
St Louis CardinalsBusch Memorial Stadium
77.7%
Cleveland BrownsCleveland Stadium
75.9%
Cincinnati BengalsRiverfront Stadium
74.1%
San Diego ChargersJack Murphy Stadium
72.3%
Baltimore ColtsMemorial Stadium
71.4%
New York JetsWilliam A. Shea Municipal Stadium
71.4%
New England PatriotsFoxboro Stadium
64.3%
Buffalo BillsRich Stadium
59.8%
Minnesota VikingsMetropolitan Stadium
59.8%
Tampa Bay BuccaneersTampa Stadium
59.8%
Los Angeles RamsAnaheim Stadium
58.9%
Oakland RaidersOakland-Alameda County Stadium
50.9%

You're not logged in!

Compare scores with friends on all Sporcle quizzes.
Join for Free
OR
Log In

You Might Also Like...

Show Comments

Extras

Top Quizzes Today


Score Distribution

Your Account Isn't Verified!

In order to create a playlist on Sporcle, you need to verify the email address you used during registration. Go to your Sporcle Settings to finish the process.

Report this User

Report this user for behavior that violates our Community Guidelines.

Details: